Minecraft Loot: Desert Well Archaeology - Statistics

General Stats
  • This quiz has been taken 8 times
  • The average score is 3 of 6
Answer Stats
Item Weight % Correct
Emerald 13%
71%
Stick 13%
57%
Arms Up Pottery Sherd 25%
43%
Suspicious Stew 13%
43%
Brewer Pottery Sherd 25%
29%
Brick 13%
29%
No matching quizzes found
Score Distribution
Percent of People with Each Score
Percentile by Number Answered
Your Score History
You have not taken this quiz